Análisis de los indicadores económicos / (Registro nro. 5348)
[ vista simple ]
| 000 -LEADER | |
|---|---|
| fixed length control field | 01262nam a2200289Ia 4500 |
| 003 - CONTROL NUMBER IDENTIFIER | |
| control field | OSt |
| 005 - DATE AND TIME OF LATEST TRANSACTION | |
| control field | 20200612215132.0 |
| 008 - FIXED-LENGTH DATA ELEMENTS--GENERAL INFORMATION | |
| fixed length control field | 191128t2008 en ad fr 000 0 spa d |
| 020 ## - INTERNATIONAL STANDARD BOOK NUMBER | |
| International Standard Book Number | 9789871456260 |
| Qualifying information | obra completa |
| 020 ## - INTERNATIONAL STANDARD BOOK NUMBER | |
| International Standard Book Number | 9789871456192 |
| 040 ## - CATALOGING SOURCE | |
| Original cataloging agency | CO-JMCR |
| Transcribing agency | CO-JMCR |
| 041 1# - LANGUAGE CODE | |
| Language code of text/sound track or separate title | spa |
| Language code of original | eng |
| 082 04 - DEWEY DECIMAL CLASSIFICATION NUMBER | |
| Classification number | 330.021 / |
| Item number | A612a |
| Edition number | 23 |
| 245 10 - TITLE STATEMENT | |
| Title | Análisis de los indicadores económicos / |
| 250 ## - EDITION STATEMENT | |
| Edition statement | Primera edición |
| 260 ## - PUBLICATION, DISTRIBUTION, ETC. | |
| Place of publication, distribution, etc. | Péru : |
| Name of publisher, distributor, etc. | Cuatro Media, |
| Date of publication, distribution, etc. | ©2008 |
| 300 ## - PHYSICAL DESCRIPTION | |
| Extent | 242 páginas : |
| Other physical details | gráficos a blanco y negro ; |
| Dimensions | 20 cm. |
| 490 0# - SERIES STATEMENT | |
| Series statement | Finanzas y negocios ; |
| Volume/sequential designation | 9 |
| 505 0# - FORMATTED CONTENTS NOTE | |
| Formatted contents note | Interpretación de los indicadores económicos -- Mecanismos básicos -- Medición de la actividad económica -- Crecimiento: tendencias y ciclos -- Población, empleo y desempleo -- Indicadores fiscales -- Consumidores |
| 520 ## - SUMMARY, ETC. | |
| Summary, etc. | Escrito para no especialistas, este libro provee claves para entender los principales indicadores económicos: ¿qué son? ¿cuán confiables son? ¿cómo interpretarlos? ¿cómo y cuando utilizarlos? |
| 534 ## - ORIGINAL VERSION NOTE | |
| Introductory phrase | Economic indicators |
| 546 ## - LANGUAGE NOTE | |
| Language note | Traducido del inglés |
| 650 14 - SUBJECT ADDED ENTRY--TOPICAL TERM | |
| Topical term or geographic name entry element | Indicadores sociales |
| 9 (RLIN) | 3155 |
| 650 14 - SUBJECT ADDED ENTRY--TOPICAL TERM | |
| Topical term or geographic name entry element | Indicadores monetarios |
| 9 (RLIN) | 5574 |
| 650 14 - SUBJECT ADDED ENTRY--TOPICAL TERM | |
| Topical term or geographic name entry element | Países desarrollados |
| 9 (RLIN) | 5575 |
| 942 ## - ADDED ENTRY ELEMENTS (KOHA) | |
| Source of classification or shelving scheme | Dewey Decimal Classification |
| Koha item type | Books |
| Withdrawn status | Lost status | Source of classification or shelving scheme | Damaged status | Not for loan | Collection code | Home library | Current library | Date acquired | Source of acquisition | Cost, normal purchase price | Total Checkouts | Full call number | Barcode | Date last seen | Date last checked out | Copy number | Koha item type |
|---|---|---|---|---|---|---|---|---|---|---|---|---|---|---|---|---|---|
| Dewey Decimal Classification | Non-fiction | Biblioteca Pública José María del Castillo y Rada | Biblioteca Pública José María del Castillo y Rada | 04/15/2018 | Donación | 0.00 | 1 | 330.021 / A612a | 430001741 | 05/20/2024 | 05/20/2024 | Ej.1 | Books |